Duszniki Zdrój i okolice
| Titel: | Duszniki Zdrój i okolice : Informator turystyczny |
|---|---|
| Verfasser: | ; |
| Veröffentlicht: | Duszniki Zdrój : Urząd Miejski, 2003 |
| Umfang: | 32 Seiten : Illustrationen |
| Format: | Buch |
| Sprache: | Polnisch |
X
alg: 39574150 001A $01999:12-11-16 001B $03004:31-01-24 $t14:34:21.000 001D $03004:31-01-24 001U $0utf8 001X $00 002@ $0Aau 002C $aunbewegtes Bild $bsti $2rdacontent 002C $aText $btxt $2rdacontent 002D $aohne Hilfsmittel zu benutzen $bn $2rdamedia 002E $aBand $bnc $2rdacarrier 003@ $0395741505 003O $01419465367 $aOCoLC 007A $0395741505 $aHEB 007T $0Herdww041837 010@ $apol 010E $erda 011@ $a2003 013D $RAdressbuch $RVerzeichnis $#Handbooks, vade-mecums, etc. $#Guides pratiques $#Stadtführer $#Reiseführer Formschlagwort $74155569-7 $8Führer [Ts1] $9085661619 021A $aDuszniki Zdrój i okolice $dInformator turystyczny 027A $aBad Reinerz und die Umgebung. Ein touristischer Wegweiser 028C $BVerfasser $4aut $7 $8Zielony, Wiktor [Tnx] $9167940759 028C $BVerfasser $4aut $71041768818 $8Windyka, Teresa [Tp3] $9331296705 033A $pDuszniki Zdrój $nUrząd Miejski 034D $a32 Seiten 034M $aIllustrationen 044K $RReinerz $#Duszniki-Zdrój $#Duezniki-Zdroj $#Reinerz Duszniki Zdrój $#Bad Reinerz Duszniki Zdrój $74103654-2 $8Duszniki Zdrój [Tg1] $9085303801 044K $RReise $RTourismusforschung $RReiseverkehr $#Tourism $#Tourisme $#tourism $#Tourismus $#Tourismus $#Touristik Fremdenverkehr $#Fremdenverkehr $74018406-7 $8Tourismus [Ts1] $9085043508 045F $a307.09438 $eDDC23BSB 045F/01 $a307.09 045F/03 $g438 045F/03 $g4385 046C $aBad Reinerz und die Umgebung. Ein touristischer Wegweiser $bÜbers. des Hauptsacht. lok: 39574150 78 exp: 39574150 78 1 #EPN 201B/01 $018-11-16 $t15:59:01.000 201U/01 $0utf8 203@/01 $079242736X 208@/01 $a12-11-16 $be 209A/01 $a/ $f000 $x00 220C/01 $aTitelaufnehmer: BN 244Z/01 $2Trx $#Silesia $#Śląsk $#Sliezsko $#Slezsko $8--Trx--Schlesien $x01 $9391173987 244Z/01 $2Trx $#Poola $#Lenkija $#Polija $#Polen Land $#Poland $#Lengyelország $#Poľsko $#Polsko $8--Trx--Polska$gkraj $x02 $9391345966 244Z/01 $2Trx $#Reinerz Bad $#Bad Reinerz Glatz $8--Trx--Duszniki Zdrój$gKłodzko, ziemia $x03 $9391233645 244Z/01 $2Trx $#turism $#turizmas $#tourism $#turizmus $#turystyka $#cestovný ruch $#cestovní ruch $#Fremdenverkehr $8--Trx--Tourismus $x04 $9391361392 244Z/01 $2Trx $#maateadus $#etnologija $#Regional studies $#regionális tanulmányok $#krajoznawstwo $#vlastiveda $#vlastivěda $8--Trx--Landeskunde $x05 $9391358952 244Z/01 $2Trx $#kuurortid $#kurortai $#Spa and resort towns $#gyógyüdülöhelyek $#uzdrowiska $#kúpele $#lázně $#Badeorte $#Kurbäder $#Heilbäder $#kúpeľné mestá $8--Trx--Kurorte $x06 $9391356143 244Z/01 $2Trx $#giidid $#kelionių vadovai $#travel guides $#úti kalauz $#przewodniki turystyczne $#sprievodcovia turistickí $#průvodce, turistika $8--Trx--Reiseführer $x07 $9391373587 245Z/01 $a13.02 $x01 245Z/01 $a11.03 $x02 247C/01 $82080>Marburg/Lahn, Herder-Institut, Forschungsbibliothek, Bibliographieportal $9336309341
| LEADER | 00000cam a2200000 c 4500 | ||
|---|---|---|---|
| 001 | 395741505 | ||
| 003 | DE-603 | ||
| 005 | 20240131143421.0 | ||
| 007 | tu | ||
| 008 | 161112s2003 xx |||| | u00||u|pol c | ||
| 035 | |a (DE-599)HEB395741505 | ||
| 035 | |a (OCoLC)1419465367 | ||
| 040 | |a DE-603 |b ger |c DE-603 |d DE-603 |e rda | ||
| 041 | |a pol | ||
| 082 | 0 | 4 | |8 1\u |a 307.09438 |q DE-101 |2 23/BSB |
| 085 | |8 1\u |b 307.09 | ||
| 085 | |8 1\u |z 2 |s 438 | ||
| 085 | |8 1\u |z 2 |s 4385 | ||
| 245 | 0 | 0 | |a Duszniki Zdrój i okolice |b Informator turystyczny |
| 246 | 1 | |i Übers. des Hauptsacht. |a Bad Reinerz und die Umgebung. Ein touristischer Wegweiser | |
| 246 | 1 | 3 | |a Bad Reinerz und die Umgebung. Ein touristischer Wegweiser |
| 264 | 1 | |a Duszniki Zdrój |b Urząd Miejski |c 2003 | |
| 300 | |a 32 Seiten |b Illustrationen | ||
| 336 | |a unbewegtes Bild |b sti |2 rdacontent | ||
| 336 | |a Text |b txt |2 rdacontent | ||
| 337 | |a ohne Hilfsmittel zu benutzen |b n |2 rdamedia | ||
| 338 | |a Band |b nc |2 rdacarrier | ||
| 650 | 7 | |a Tourismus |0 (DE-588)4018406-7 |0 (DE-603)085043508 |2 gnd | |
| 651 | 7 | |a Duszniki Zdrój |0 (DE-588)4103654-2 |0 (DE-603)085303801 |2 gnd | |
| 655 | 7 | |a Führer |2 gnd-content |0 (DE-588)4155569-7 |0 (DE-603)085661619 | |
| 700 | 1 | |a Zielony, Wiktor |e Verfasser |4 aut |0 (DE-603)167940759 | |
| 700 | 1 | |a Windyka, Teresa |e Verfasser |4 aut |0 (DE-603)331296705 |0 (DE-588)1041768818 |2 gnd | |
| 924 | 0 | |9 2080 |a (DE-603)79242736X |b DE-2080 |c HES |d d |g / | |


